000 00612nam a2200229Ia 4500
003 OSt
005 20221007080903.0
006 a|||||r|||| 00| 0
007 ta
008 221006b |||||||| |||| 00| 0 eng d
024 _a13,699
037 _cTextual
040 _aFLL
_cFLL
_beng
041 _2eng
_aeng
082 _aW:2z7, K8
100 _aBosmajian Haig A.
_9118197
245 0 _aReadings in parliamentary procedure
260 _aNew York
_bHarper & Row, Publishers New
_c1968
300 _a264p
_ccm.
942 _hW:2z7, K8
_cTEXL
_2CC
999 _c1161254
_d1161254